Compositeurs de musique classique du monde - Statistiques

Statistiques générales
  • Ce quiz a été pris 726 fois
  • Le résultat moyen est 28 sur 50
Statistiques - réponses
Hint Réponse % Correct
Requiem in D minor : Lacrimosa, Sonata No. 11 in A major : Rondo alla Turca, Symphony No. 40 in G minor, Piano concerto No. 21, Eine kleine nachtlustik N. 525, The marriage of Figaro, The magic flute queen of the night Aria, The piano sonata No. 16 in C major. Autriche. Wolfgang Amadeus Mozart
99%
Moonlight sonata : 1st movement, Moonlight sonata : 3rd movement, Symphony No. 5, Symphony No. 9 : Odd to joy, Für Elise, Symphony No. 7in A major Op. 92, Symphony No. 3 Op. 55 : Eroica. Allemagne. Ludwig Van Beethoven
96%
Op. 9 No. 2 : Nocturne, No. 19 Op. 72 No. 1 : Nocturne, Op. 66 : Fantaisie impromptue, Marche funèbre,12 études Op. 25 No. 11: Winter wind. Pologne. Frédéric Chopin
94%
Air on the G string, Tocacata and fugue in D minor, Cello suites in G major No. 1, The well-tempered clavier. Allemagne. Jean Sebastien Bach
89%
Clair de lune, Rêverie, Arabesque No. 1, Symphony in B minor. France. Claude Debussy
88%
Summer : Presto, Winter : Allegro non molto; Spring : Allegro, Fall : Allegro. Italie. Antonio Vivaldi
87%
Bolero, Miroirs 3 : Une barque sur l'océan, Pavane pour une infante defunte, String quartet M. 35, Piano concerto in G major M. 83. France. Maurice Ravel
84%
Carmen Prelude to act 1 : Overture, Carmen Suite No. 1 : Toreador, Habanera, L'Arsenienne suite No. 2 : Farandole. France. George Bizet
80%
Swan Lake Op. 20 Act 2 No. 10 : Swan Theme, Swan Lake Op. 20 Act 2 No. 13 : Dance of the little swans, 1812 ouverture, Marche slave, Valse sentimentale, The sleepiing beauty : Waltz, The Nutcracker Op. 71 Act 2 No. 14b : Dance of the Sugar-Plum Fairy, Symphony No. 5 in E minor Op. 64. Russie. Piotr Ilitch Tchaïkovski
80%
Danse macabre, Le carnaval des animaux : Aquarium, Le cygne, Bacchanale. France. Camille Saint-Saëns
79%
Ride of the valkyries. Allemand. Richard Wagner
76%
Hungarian dance No. 5, Symphony No. 3 in F major, Symphony No. 1 in C minor Op. 68, Symphony No. 4 Op. 98. Allemagne. Johannes Brahms
73%
The blue Danube, Voice of spring, Die fledermaus : Overture. Autriche Johann Strauss II
72%
Gymnopédie No. 1, Gnosienne No. 1, Je te veux. France. Erik Satie
68%
Piano trio No. 2 Op. 100, Ave Maria, Impromptu No. 3, Moments musicaux No. 3 in F minor, Serenade. Autriche. Franz Schubert
68%
La traviota Act 1 :Libiamo ne'lieti calici, Rigoletto Act 3 : La donna è mobile, Nabucco Act 3 : Va pensiero, Aida : Triumphal march, Dies Irae. Italie. Giuseppe Verdi
67%
Liebestraum : Love dream, La campanella, Hungarian rhapsody No. 2, Un sospiro. Hongrie. Franz Liszt
63%
Romeo and Juliet : Dance of the knights, Peter and the woolf : March, Battle on ice, Piano concerto No. 3 Op. 26. Russe. Sergei Prokofiev
63%
Symphonie fantastique Op. 14 : Marche auxsupplice, La damnation de Faust Op. 24 : Marche hongroise. France. Hector Berlioz
62%
Radetzky march. Autriche. Johann Strauss I
62%
Peer Gynt : In the hall of the mountain king, Morning mood, Solveig's song. Norvege. Edvard Grieg
59%
The barber of Seville : Overture, William Tell : Overture. Italie. Gioachino Rossini
58%
Serenade for string Op. 22, Symphony Op. 95 No. 9 : From the new world, Op. 101 No. 7 : Humoresque, Cello concerto in B minor Op. 104. République Thèque. Antonin Dvořák
55%
Sarabande, Messiah, Water music. Allemagne George Friedrich Haendel
55%
Canon. Allemagne. Johann Pachelbel
55%
La Campanella, 24 Capricci Op. 1, Moto Perpetuo, Violin Concerto No.1 in D major Op. 6. Italie. Niccolò Paganini
55%
Orphée aux enfers : Galop infernal, Les contes d'Hoffman : Bracarolle. France. Jacques Offenbach
53%
Rhapsody in Blue, Summertime, Song book : The man I love. Etats-Unis. George Gershwin
51%
Madame Butterfly, Tosca, La Bohème, Manon Lescault, La rondine. Italie. Giacomo Puccini
51%
Rhapsody on a theme of Paganini, Piano concerto No.2 in C minor Op.18, Little red riding hood, Liebesleid (Love's sorrow), Vocalise Op. 34 No. 14, Prelude in C-Sharp Op. 3 No. 2. Russie. Sergueï Rachmaninov
51%
Waltz No. 2, Piano concerto No. 2 Op. 102 in F major, Symphony No. 5. Russie. Dmitri Shostakovitch
50%
Rite of spring : opening. Russe. Igor Stravinsky
49%
Le bourgeois gentilhomme : Marche pour la cérémonie des Turcs, Armide : Overture. France. Jean-Baptiste Lully
49%
Scheherazade the story of the kalandar prince, Flight of the bumblebee. Russe. Nikolaï Rimski-Korsakov
44%
Kinderszenen : Träumerei, Carnaval Op. 9 No. 12. Allemagne. Robert Schumann
44%
13 pieces Op. 76 No.2, Andante Festivo, 13 pieces Op. 76. No. 3. Finlande. Jean Sibelius
43%
A midsummer night's dream : Wedding march, Lieder ohne worte (song without words) Op. 30 No. 7, Violin concerto in E minor Op. 64. Allemagne. Félix Mendelssohn
41%
Op. 50 : Pavane, Op. 78 : Sicilienne. France. Gabriel Fauré
41%
String quartet No. 62 in C major Op. 76 No. 3 : Emperor. Autriche. Joseph Haydn
38%
The planets : I. Mars the bringer of war, IV.Jupiter the bringer of jollity, The planets : II. Venus The bringer of peace. Angleterre. Gustav Holst
35%
Ma vlast : Moldau. République Tchèque. Bedřich Smetana
33%
Sorcerer's Apprentice; France. Paul Abraham Dukas
33%
L'Orfeo, L'incoronazione di Poppea, Si Dolce E Il Tormento, Il ritorno d'Ulisse in patria? Italie. Claudio Monteverdi
31%
Pomp and circumstance : March No. 1, Enigma variations Op. 36 : Nimrod, Cello concerto in E Minor : Op. 85. Angleterre. Edward Elgar
30%
Romanian Folk Dances, Duke Bluebeard’s Castle, Concerto for Orchestra Sz. 116 BB 123. Hongrie. Béla Bartók
29%
Thaïs, Manon, Werther, Cendrillon. France. Jules Massenet
27%
Piano quartet, Symphony No. 5, Symphony No. 9. Autriche. Gustav Mahler
23%
Le Prince Igor, Dans les steppes de l'Asie centrale, Quatuor à cordes No. 2; France. Alexandre Borodine
17%
Night on bald mountain. Russe. Modest Mussorgsky
17%
The lark ascending. Angleterre. Ralph Vaughan Williams
9%
Aucun quiz correspondant
Distribution des résultats
% des personnes avec chaque résultat
Percentile par nombre de réponses
Votre historique - résultats
Vous n’avez pas pris ce quiz